| 000 | 00661nam a2200241Ia 4500 | ||
|---|---|---|---|
| 003 | OSt | ||
| 005 | 20220924130104.0 | ||
| 006 | a|||||r|||| 00| 0 | ||
| 007 | ta | ||
| 008 | 220923b |||||||| |||| 00| 0 per d | ||
| 024 | _a326733 | ||
| 037 | _cTextual | ||
| 040 |
_aARTS _cARTS _bper |
||
| 041 |
_2per _aper |
||
| 082 | _aO164,1E06,1, M5 | ||
| 100 | _aSiyaqi Mohammad Dabeer Co. | ||
| 245 | 0 | _aDiwan Ansari Balkhi | |
| 260 |
_aTehran _bKitab khana-e-sanai Iran _c1985 |
||
| 300 |
_a435p. _ccm. |
||
| 650 | _aPERSIAN POETRY | ||
| 942 |
_hO164,1E06,1, M5 _cTEXL _2CC |
||
| 999 |
_c424024 _d424024 |
||